Countries Bordering India by Border Length - Statistics

General Stats
  • This quiz has been taken 175 times
  • The average score is 6 of 6
Answer Stats
Length Country % Correct
4,053 km Bangladesh
98%
3,380 km China
98%
2,912 km Pakistan
97%
1,690 km Nepal
93%
605 km Bhutan
87%
1,463 km Myanmar
86%
No matching quizzes found
Score Distribution
Percent of People with Each Score
Percentile by Number Answered
Your Score History
You have not taken this quiz